000 00549nam a2200217Ia 4500
003 OSt
005 20220928141550.0
006 a|||||r|||| 00| 0
007 ta
008 220927b |||||||| |||| 00| 0 eng d
024 _a16001
037 _cTextual
040 _aSDCL
_cSDCL
_beng
041 _2eng
_aeng
082 _aWxC7, P2
100 _aRamesh Jairam
245 0 _aKautilya today
_b Jairam Ramesh on a globalizing India
260 _c2002
942 _hWxC7, P2
_cTEXL
_2CC
999 _c818361
_d818361